Организация международного туризма: учебник

Détails bibliographiques
Auteur principal: Сенин В. С. Виль Савельевич
Résumé:Исключено из фонда НТБ ТПУ
Langue:russe
Publié: Москва, Финансы и статистика, 1999
Format: MixedMaterials Livre
KOHA link:https://koha.lib.tpu.ru/cgi-bin/koha/opac-detail.pl?biblionumber=10717

MARC

LEADER 00000nam0a2200000 4500
001 10717
005 20231030183216.0
010 |a 5279020796 
035 |a (RuTPU)RU\TPU\book\10781 
035 |a BOOK00010847 
090 |a 10717 
100 |a 20011209d1999 m y0rusy50 ca 
101 0 |a rus 
102 |a RU 
105 |a y j 000zy 
200 1 |a Организация международного туризма  |e учебник  |f В. С. Сенин 
210 |a Москва  |c Финансы и статистика  |d 1999 
215 |a 400 с. 
333 |a Исключено из фонда НТБ ТПУ 
700 1 |a Сенин  |b В. С.  |g Виль Савельевич 
801 0 |a RU  |b 63413507  |c 20011209  |g PSBO 
801 2 |a RU  |b 63413507  |c 20220426  |g PSBO 
942 |c BK